Statystyki dla Najpopularniejsze żeńskie imiona w Polsce na każdą literę

Kliknij tutaj aby rozwiązać quiz!

Ogólne statystyki

  • Ten quiz został rozwiązany 1 107 razy
  • Średni wynik to 17 z 29

Statystyki odpowiedzi

LiczbaImię% Poprawnych
A1,05 mlnAnna
96%
B497 tys.Barbara
90%
Ł46,2 tys.Łucja
83%
N298 tys.Natalia
79%
K608 tys.Katarzyna
76%
D313 tys.Danuta
75%
Ż27,2 tys.Żaneta
74%
P223 tys.Paulina
73%
W197 tys.Wiktoria
73%
E484 tys.Ewa
72%
G235 tys.Grażyna
72%
H255 tys.Halina
72%
U190 tys.Urszula
72%
C44 tys.Czesława
67%
M612 tys.Maria
67%
O146 tys.Oliwia
67%
Z382 tys.Zofia
63%
F10,5 tys.Franciszka
62%
L117 tys.Lena
61%
J406 tys.Joanna
58%
R190 tys.Renata
56%
I234 tys.Iwona
55%
S183 tys.Sylwia
52%
T352 tys.Teresa
50%
V19,2 tys.Violetta
17%
Ś65Świętosława
5%
X120Xymena
5%
Y13 tys.Yuliia
4%
Q38Qian
1%

Rozkład punktacji

Percentyl według liczby udzielonych odpowiedzi

Procent ludzi z każdym wynikiem

Twoja historia wyników

Nie rozwiązałeś tego quizu